| 000 | 00784nam a2200241Ii 4500 | ||
|---|---|---|---|
| 001 | 21578 | ||
| 003 | BD-RjUL | ||
| 005 | 20240125120549.0 | ||
| 008 | 140304r19621930e 00111 engm | ||
| 035 | _a(BD-RjUL)21578 | ||
| 040 |
_aDLC _cFGM _dBOS _dBD-RjUL _beng |
||
| 041 | _aeng | ||
| 082 | 0 | 4 |
_a823.6 _bSMP 1962 |
| 100 | 1 | 0 |
_aSmollett, Tobias George, _d1721-1771. _966650 |
| 245 | 1 | 0 |
_aPeregrine pickle / _cintroduction by Walter Allen. |
| 260 |
_aLondon ; _bJ. M. Dent & sons ; _aNew York : _bE. P. Dutton & co., _c1930 [reprinted 1962,1967]. |
||
| 300 |
_aV-1 (xiv 367 p.) ; _c18 cm. |
||
| 490 | 0 | _aEveryman's library ; no. 838-839. | |
| 500 | _aBibliography: v. 1, p. x-xi. | ||
| 505 | 0 | 1 | _aVol. 1--Vol. 2-- |
| 650 | 1 | 0 |
_aEighteenth century _xFiction. _966651 |
| 942 |
_2ddc _cBK |
||
| 999 |
_c21578 _d21578 |
||